Empleadores universitarios : (Record no. 99695)
[ view plain ]
| 000 -LEADER | |
|---|---|
| fixed length control field | 00808cam a2200229 4500 |
| 005 - DATE AND TIME OF LATEST TRANSACTION | |
| control field | 20220622143131.0 |
| 008 - FIXED-LENGTH DATA ELEMENTS--GENERAL INFORMATION | |
| fixed length control field | 190128b mx ||||| |||| 00| 0 spa d |
| 020 ## - INTERNATIONAL STANDARD BOOK NUMBER | |
| International Standard Book Number | 9688425435 |
| 050 04 - LIBRARY OF CONGRESS CALL NUMBER | |
| Classification number | HD6278.M6 |
| Item number | D53 1995 |
| 100 1# - MAIN ENTRY--PERSONAL NAME | |
| Personal name | Díaz Barriga, Angel |
| 245 10 - TITLE STATEMENT | |
| Title | Empleadores universitarios : |
| Remainder of title | un estudio de sus opiniones / |
| Statement of responsibility, etc | Angel Díaz Barriga |
| 250 ## - EDITION STATEMENT | |
| Edition statement | Primera edición |
| 260 ## - PUBLICATION, DISTRIBUTION, ETC. (IMPRINT) | |
| Place of publication, distribution, etc | México : |
| Name of publisher, distributor, etc | Porrúa : |
| -- | cesu, |
| Date of publication, distribution, etc | 1995 |
| 300 ## - PHYSICAL DESCRIPTION | |
| Extent | 138 p. ; |
| Dimensions | 21 cm. |
| 490 0# - SERIES STATEMENT | |
| Series statement | Problemas educativos de México |
| 504 ## - BIBLIOGRAPHY, ETC. NOTE | |
| Bibliography, etc | Bibliografía : p. 129-135 |
| 504 ## - BIBLIOGRAPHY, ETC. NOTE | |
| Bibliography, etc | Incluye indice |
| 650 #7 - SUBJECT ADDED ENTRY--TOPICAL TERM | |
| Source of heading or term | lemb |
| Topical term or geographic name as entry element | Egresados universitarios |
| General subdivision | Empleo |
| Geographic subdivision | México |
| 650 #7 - SUBJECT ADDED ENTRY--TOPICAL TERM | |
| Source of heading or term | lemb |
| Topical term or geographic name as entry element | Actitudes de los empleadores |
| Geographic subdivision | México |
| Form subdivision | Encuestas |
| 650 #7 - SUBJECT ADDED ENTRY--TOPICAL TERM | |
| Source of heading or term | lemb |
| Topical term or geographic name as entry element | Transición de la escuela al trabajo |
| Geographic subdivision | México |
| 942 ## - ADDED ENTRY ELEMENTS (KOHA) | |
| Source of classification or shelving scheme | Biblioteca del Cogreso de los Estados Unidos |
| Koha item type | Libro |
| Estado de pérdida | Fuente de clasificación | Estado del daño | No para préstamo | Ubicación permanente | Ubicación actual | Apartado o colección | Fecha de adquisición | Edición | Dependencia de educación superior (DES) | Área del conocimiento | Clasificación | Código de Barras | Date last seen | Número de copia | Tipo de recurso | Total Checkouts | Costo por reposición |
|---|---|---|---|---|---|---|---|---|---|---|---|---|---|---|---|---|---|
| Biblioteca del Cogreso de los Estados Unidos | Biblioteca de la Facultad de Filosofía | Biblioteca de la Facultad de Filosofía | General | 14/09/2015 | 1a. ed. | Humanidades | Educación y Humanidades | HD6278 .M6 D53 1995 | BFF000012151 | 14/09/2015 | 1 | Libro | |||||
| Biblioteca del Cogreso de los Estados Unidos | Biblioteca del Instituto de Investigaciones Históricas | Biblioteca del Instituto de Investigaciones Históricas | General | 22/06/2022 | 1a ed. | Humanidades | Ciencias Sociales y Administrativas | HD6278.M6 D53 1995 | IIH000033242 | 22/06/2022 | C:1 | Libro | 1.00 |